[Event "16th Asian Games Team Women"]
[Site "Guangzhou CHN"]
[Date "2010.11.20"]
[Round "3"]
[White "Shamima, Akter Liza"]
[Black "Geldyeva, Mekhri"]
[Result "0-1"]
[WhiteTitle "WFM"]
[BlackTitle "WGM"]
[WhiteElo "2161"]
[BlackElo "2279"]
[WhiteTeam "BAN"]
[BlackTeam "TKM"]
[WhiteFideId "10202587"]
[BlackFideId "14000059"]
[EventDate "2010.11.18"]

1. d4 g6 2. c4 Bg7 3. e4 d6 4. Nc3 Nf6 5. Be2 O-O 6. Bg5 c5 7. d5 a6 8. Qd2 b5
9. f3 bxc4 10. Bxc4 Nbd7 11. Nge2 Ne5 12. Bb3 c4 13. Bc2 Qb6 14. Rb1 Re8 15. Be3
Qc7 16. O-O Nfd7 17. Kh1 Rb8 18. f4 Ng4 19. Bd4 Bh6 20. Qe1 Bg7 21. h3 Ngf6 22.
Qf2 Bb7 23. g4 e6 24. g5 Nh5 25. Bxg7 Nxg7 26. f5 exf5 27. exf5 Nb6 28. Rbd1 Re5
29. Kh2 Nxf5 30. Ne4 Nxd5 31. Rxd5 Bxd5 32. Nf6+ Kf8 33. Nf4 Ba8 34. Bxf5 Rxf5
35. Qd4 Rbb5 36. Nxh7+ Ke7 37. Qg7 Qb8 38. Nxg6+ Kd7 39. Nf6+ Rxf6 40. Qxf6 fxg6
41. Qg7+ Kc6 42. Rf8 Qb7 43. Qg8 Qe7 44. Qxc4+ Kb6 45. Qd4+ Kb7 46. Rf2 Qe5+ 47.
Qxe5 Rxe5 48. h4 Kc7 49. Rf7+ Kb6 50. Rf6 Re2+ 51. Kg1 Kc5 52. Rxg6 Rxb2 53. h5
Rxa2 54. h6 Rg2+ 55. Kf1 Rh2 56. Rg8 Bd5 57. Rc8+ Kd4 58. Rh8 Ke3 59. Re8+ Be4 0-1

[Event "16th Asian Games Team Women"]
[Site "Guangzhou CHN"]
[Date "2010.11.20"]
[Round "3"]
[White "Hallaeva, Bahar"]
[Black "Sultana, Sharmin Shirin"]
[Result "0-1"]
[WhiteTitle "WFM"]
[WhiteElo "2184"]
[BlackElo "1998"]
[WhiteTeam "TKM"]
[BlackTeam "BAN"]
[WhiteFideId "14000679"]
[BlackFideId "10204482"]
[EventDate "2010.11.18"]

1. e4 c5 2. c3 d5 3. exd5 Qxd5 4. d4 Nf6 5. Nf3 e6 6. Bd3 Nc6 7. O-O Be7 8. Na3
O-O 9. Nb5 c4 10. Nc7 Qd8 11. Nxa8 cxd3 12. Bf4 Bd6 13. Bxd6 Qxd6 14. b4 Bd7 15.
b5 Ne7 16. c4 Rxa8 17. Qxd3 Rc8 18. a4 Ng6 19. Rfe1 e5 20. c5 Rxc5 21. Qa3 exd4
22. Rad1 Rd5 23. Qxd6 Rxd6 24. Rxd4 Rxd4 25. Nxd4 a6 26. Rc1 Nd5 27. Rc5 Nge7
28. f3 g6 29. Kf2 f5 30. g3 Kf7 31. Rc1 Kf6 32. f4 h6 33. h4 axb5 34. axb5 Kf7
35. Ke2 Ng8 36. Kd3 Ke7 37. Kc4 Kd6 38. Nf3 Ngf6 39. Ne5 Be6 40. Kd4 Ne4 41.
Nxg6 Nxg3 42. Kd3 Bd7 43. Rb1 Be8 44. Nf8 Nxf4+ 45. Ke3 Nd5+ 46. Kf3 Ne4 47. Rb2
Ke7 48. Nh7 Bh5+ 49. Kg2 Kf7 50. Rd2 Nxd2 0-1

[Event "16th Asian Games Team Women"]
[Site "Guangzhou CHN"]
[Date "2010.11.20"]
[Round "3"]
[White "Hamid, Rani"]
[Black "Ovezova, Maisa"]
[Result "1/2-1/2"]
[WhiteTitle "WIM"]
[BlackTitle "WFM"]
[WhiteElo "1965"]
[BlackElo "2087"]
[WhiteTeam "BAN"]
[BlackTeam "TKM"]
[WhiteFideId "10200096"]
[BlackFideId "14000393"]
[EventDate "2010.11.18"]

1. e4 g6 2. d4 Bg7 3. f4 c6 4. Nc3 d5 5. e5 h5 6. Nf3 Bg4 7. Be2 Bxf3 8. Bxf3 h4
9. Qd3 e6 10. Bd2 Ne7 11. Na4 Nf5 12. Bg4 Nd7 13. Bxf5 gxf5 14. Bb4 Bf8 15. Bxf8
Kxf8 16. O-O-O b5 17. Nc3 Qa5 18. Kb1 b4 19. Ne2 c5 20. dxc5 Nxc5 21. Qe3 Rb8
22. Nd4 Rb6 23. Nb3 Nxb3 24. Qxb3 Qb5 25. Qf3 Qc4 26. Rd3 Ra6 27. Rb3 Rc6 28.
Rc1 a5 29. a3 Ke7 30. Qf2 bxa3 31. Rxa3 Qc5 32. Qe1 Ra6 33. Rb3 Ra7 34. Rc3 Qd4
35. Rd1 Qxf4 36. Qg1 Rha8 37. Qc5+ Ke8 38. Qd6 Qb4 39. Qc6+ Kf8 40. Rb3 Qe7 41.
Rh3 Qc7 42. Qxc7 Rxc7 43. Rxh4 Kg7 44. Rd3 Rg8 45. Ra3 Rc5 46. Rha4 Kf8 47. g3
Rh8 48. Rxa5 Rxa5 49. Rxa5 Rxh2 50. b4 Ke8 51. b5 Kd8 52. Ra7 Rh7 53. Kb2 Rg7
54. b6 Kc8 55. c3 Rxg3 56. Rxf7 Re3 57. Kb3 d4 58. Kb4 dxc3 59. Kb5 c2 60. Rf8+
Kb7 61. Rf7+ Kb8 62. Rf8+ 1/2-1/2

[Event "16th Asian Games Team Women"]
[Site "Guangzhou CHN"]
[Date "2010.11.20"]
[Round "3"]
[White "Al-Khelaifi, Salama"]
[Black "Al-Jelda, Fatma"]
[Result "0-1"]
[WhiteTitle "WFM"]
[WhiteElo "1761"]
[BlackElo "1836"]
[WhiteTeam "QAT"]
[BlackTeam "SYR"]
[WhiteFideId "12100048"]
[BlackFideId "7600291"]
[EventDate "2010.11.18"]

1. d4 d5 2. Nc3 Nf6 3. Bg5 Nbd7 4. Qd3 c6 5. e4 dxe4 6. Nxe4 Nxe4 7. Qxe4 h6 8.
Bh4 g5 9. Bg3 Qa5+ 10. c3 f5 11. Qf3 f4 12. Qh5+ Kd8 13. Bxf4 Nf6 14. Qf7 gxf4
15. Nf3 Qd5 16. Ne5 Be6 17. Qg6 Qe4+ 18. Qxe4 Nxe4 19. Ng6 Rg8 20. Nxf4 Bd7 21.
f3 Nd6 22. O-O-O Kc7 23. Re1 Re8 24. Bd3 Bf5 25. Bf1 Bg7 26. g4 Bd7 27. Nd3 Rgf8
28. Bg2 Nc4 29. h3 Bf6 30. f4 Bh4 31. Re2 Bg3 32. Rf1 Nb6 33. Rf3 Bh4 34. Ne5
Rf6 35. Kc2 Nd5 36. Re4 e6 37. c4 Ne7 38. Ra3 a6 39. Rb3 Bc8 40. Rf3 Ref8 41.
Bf1 Ng6 42. Nd3 Bg5 43. Be2 Nxf4 44. Nxf4 Rxf4 45. Rfxf4 Rxf4 46. Rxf4 Bxf4 47.
Kd3 e5 48. dxe5 Bxe5 49. b3 Kd6 50. Ke4 Ke6 51. h4 Bg3 52. g5 Kf7 53. gxh6 Bxh4
54. b4 Kg6 55. b5 cxb5 56. cxb5 a5 57. a4 Bf5+ 58. Kd4 Bc2 59. Bd3+ Bxd3 60.
Kxd3 Kxh6 61. Kc4 b6 62. Kd5 Kg6 63. Kc4 Kf5 64. Kd5 Kg6 65. Kc4 Kh6 66. Kd5 Kg6
67. Kc4 Kf5 68. Kd5 Bf2 69. Kc4 Bh4 70. Kd5 Kg6 71. Kc4 Kf5 72. Kd5 Bf2 73. Kc4
Ke4 74. Kc3 Kd5 75. Kb3 Kd4 76. Ka3 Kc4 77. Kb2 Kb4 78. Kb1 Kxa4 79. Ka2 Kxb5
80. Kb3 a4+ 81. Ka3 Bc5+ 82. Ka2 Kb4 83. Kb2 a3+ 84. Ka2 Bd4 85. Kb1 Kb3 0-1

[Event "16th Asian Games Team Women"]
[Site "Guangzhou CHN"]
[Date "2010.11.20"]
[Round "3"]
[White "Al-khelaifi, Aisha"]
[Black "Mir Mahmoud, Afamia"]
[Result "0-1"]
[WhiteElo "1640"]
[BlackElo "2010"]
[WhiteTeam "QAT"]
[BlackTeam "SYR"]
[WhiteFideId "12100625"]
[BlackFideId "7600674"]
[EventDate "2010.11.18"]

1. e4 c5 2. Nf3 e6 3. c3 Nf6 4. e5 Nd5 5. d4 cxd4 6. cxd4 Nc6 7. Nc3 d6 8. Nxd5
exd5 9. Bd3 Be7 10. h3 O-O 11. O-O Qb6 12. exd6 Bf6 13. Rb1 Nxd4 14. Nxd4 Bxd4
15. Qh5 f5 16. Bf4 Bc5 17. Qf3 Be6 18. Rfe1 Bf7 19. Qg3 Rad8 20. Bxf5 Bxd6 21.
Bxd6 Rxd6 22. b3 Rf6 23. Bg4 Bg6 24. Rb2 d4 25. Rd2 Qb4 26. Red1 d3 27. Qe3 Qb6
28. Qxb6 Rxb6 29. Bf3 Rd8 30. Re1 Rb4 31. Re7 Rc8 32. Re1 b6 33. Bd5+ Kf8 34.
Bc4 b5 35. Bxd3 Rd4 36. Bf5 Rxd2 37. Bxc8 Rxa2 38. Bd7 a6 39. Be6 Bf7 40. g3
Bxe6 41. Rxe6 Kf7 42. Re3 a5 43. Kg2 Ra3 44. Kf1 a4 45. Ke1 Ra2 46. Kf1 Ra3 47.
Ke1 Rxb3 48. Rxb3 axb3 49. Kd2 Ke6 50. Kc3 Ke5 51. Kxb3 Ke4 52. h4 Kf3 53. h5
Kxf2 54. g4 Kg3 55. h6 gxh6 56. Kb4 Kxg4 57. Kxb5 h5 58. Kc4 h4 0-1

[Event "16th Asian Games Team Women"]
[Site "Guangzhou CHN"]
[Date "2010.11.20"]
[Round "3"]
[White "Kim, Taegyeong"]
[Black "Boshra, Alshaeby"]
[Result "0-1"]
[WhiteElo "1515"]
[BlackElo "1807"]
[WhiteTeam "KOR"]
[BlackTeam "JOR"]
[WhiteFideId "13200976"]
[BlackFideId "8102937"]
[EventDate "2010.11.18"]

1. d4 Nf6 2. c4 c5 3. Nf3 cxd4 4. Nxd4 Nc6 5. Nc3 g6 6. e4 Bg7 7. Be3 d6 8. Be2
O-O 9. O-O a6 10. Rc1 e6 11. Qd2 d5 12. exd5 exd5 13. Nxc6 bxc6 14. Bh6 Ne4 15.
Nxe4 dxe4 16. Qxd8 Rxd8 17. Bxg7 Kxg7 18. Rfd1 Be6 19. a3 c5 20. b4 cxb4 21.
axb4 Rdb8 22. Rb1 Rc8 23. Rd4 Rab8 24. b5 axb5 25. cxb5 Rc2 26. Bd1 Rc5 27. Be2
Rc2 28. Bd1 Rc5 29. Be2 Rc2 30. Kf1 f5 31. Rd6 Kf7 32. Ra6 Rb7 33. Bd1 Bc4+ 34.
Ke1 Rc3 35. Ra5 Ke7 36. Kd2 Rd3+ 37. Ke1 Rd5 38. Ba4 Kd6 39. Ra6+ Ke5 40. Ra5
Bd3 41. Rd1 Bc4 42. Rb1 Kd6 43. Ra6+ Ke5 44. Ra5 Bd3 45. Rd1 Rc5 46. g3 g5 47.
Rd2 Rc1+ 48. Rd1 Rc5 49. Rd2 f4 50. gxf4+ gxf4 51. Rb2 e3 52. fxe3 fxe3 53. Bd1
Rf7 54. Be2 Rc1+ 55. Bd1 Rf1# 0-1

[Event "16th Asian Games Team Women"]
[Site "Guangzhou CHN"]
[Date "2010.11.20"]
[Round "3"]
[White "Tamara, Khateeb"]
[Black "Byun, Sungwon"]
[Result "0-1"]
[BlackTitle "WCM"]
[WhiteElo "1890"]
[BlackElo "1612"]
[WhiteTeam "JOR"]
[BlackTeam "KOR"]
[WhiteFideId "8103674"]
[BlackFideId "13200852"]
[EventDate "2010.11.18"]

1. e4 e5 2. Nf3 Nc6 3. Bc4 Bc5 4. c3 Nf6 5. d3 h6 6. Be3 Bb6 7. O-O d6 8. h3 Be6
9. Bb3 d5 10. exd5 Bxd5 11. Bxb6 axb6 12. Re1 O-O 13. Nxe5 Nxe5 14. Rxe5 Bxb3
15. Qxb3 Qxd3 16. Re3 Qf5 17. Nd2 Rad8 18. Nf3 Rfe8 19. Nd4 Qg5 20. Rg3 Qf4 21.
Rf3 Qg5 22. Rg3 Qf4 23. Rd1 Rd7 24. Rf3 Qg5 25. Rdd3 Rde7 26. Nc2 Qc1+ 27. Kh2
Ne4 28. Rde3 Nd2 29. Rxe7 Rxe7 30. Qa4 Nxf3+ 31. gxf3 Re2 0-1

[Event "16th Asian Games Team Women"]
[Site "Guangzhou CHN"]
[Date "2010.11.21"]
[Round "4"]
[White "Hoang, Thi Bao Tram"]
[Black "Harika, Dronavalli"]
[Result "1/2-1/2"]
[WhiteTitle "WGM"]
[BlackTitle "IM"]
[WhiteElo "2271"]
[BlackElo "2525"]
[WhiteTeam "VIE"]
[BlackTeam "IND"]
[WhiteFideId "12401102"]
[BlackFideId "5015197"]
[EventDate "2010.11.18"]

1. d4 Nf6 2. Nf3 g6 3. c3 Bg7 4. h3 O-O 5. Bf4 d6 6. Nbd2 c5 7. dxc5 dxc5 8. e4
b6 9. Qc2 Bb7 10. Be2 Qc8 11. Bh2 Ba6 12. Bc4 b5 13. Bd3 b4 14. O-O bxc3 15.
bxc3 Nc6 16. Ne5 Nxe5 17. Bxe5 Rd8 18. Bxa6 Qxa6 19. Rfe1 Qd3 20. Qxd3 Rxd3 21.
Nb3 Rc8 22. c4 Nd7 23. Bxg7 Kxg7 24. Rad1 Rxd1 25. Rxd1 Nb6 26. Rc1 Na4 27. Kf1
Rd8 28. Ke2 f5 29. f4 fxe4 30. Ke3 Kf7 31. Kxe4 Rd6 32. g4 Re6+ 33. Kf3 Rd6 34.
Ke4 Re6+ 35. Kf3 Rd6 1/2-1/2

[Event "16th Asian Games Team Women"]
[Site "Guangzhou CHN"]
[Date "2010.11.21"]
[Round "4"]
[White "Tania, Sachdev"]
[Black "Pham, Le Thao Nguyen"]
[Result "1-0"]
[WhiteTitle "IM"]
[BlackTitle "WIM"]
[WhiteElo "2385"]
[BlackElo "2337"]
[WhiteTeam "IND"]
[BlackTeam "VIE"]
[WhiteFideId "5007844"]
[BlackFideId "12401226"]
[EventDate "2010.11.18"]

1. d4 d5 2. c4 c6 3. Nf3 Nf6 4. Nc3 dxc4 5. a4 Bf5 6. e3 e6 7. Bxc4 Bb4 8. O-O
O-O 9. Qe2 Nbd7 10. Rd1 Bg6 11. Ne5 Bh5 12. f3 Nd5 13. Nxd7 Qxd7 14. Ne4 Bg6 15.
Bd2 Qe7 16. Rac1 a5 17. Nc5 Rfd8 18. Bb3 e5 19. Bxb4 Nxb4 20. dxe5 b6 21. Ne4
Bxe4 22. fxe4 Qxe5 23. Qf3 Kh8 24. Rxd8+ Rxd8 25. Rd1 Rf8 26. Rd4 Qe7 27. Qf5 g6
28. Qf4 Kg7 29. e5 Re8 30. h3 h5 31. Rd6 Rf8 32. Qd4 Kh6 33. Rd7 Qg5 34. h4 Qf5
35. e6 c5 36. e7 Re8 37. Qd6 Qe4 38. Bxf7 Qxe3+ 39. Kh2 Qe4 40. Qd2+ Kg7 41.
Bxe8 1-0

[Event "16th Asian Games Team Women"]
[Site "Guangzhou CHN"]
[Date "2010.11.21"]
[Round "4"]
[White "Nguyen, Thi Thanh An"]
[Black "Karavade, Eesha"]
[Result "1/2-1/2"]
[WhiteTitle "WGM"]
[BlackTitle "IM"]
[WhiteElo "2300"]
[BlackElo "2369"]
[WhiteTeam "VIE"]
[BlackTeam "IND"]
[WhiteFideId "12400300"]
[BlackFideId "5012600"]
[EventDate "2010.11.18"]

1. d4 Nf6 2. c4 g6 3. Nc3 d5 4. cxd5 Nxd5 5. Bd2 Nb6 6. Bf4 Bg7 7. e3 O-O 8. Nf3
N8d7 9. Rc1 Nf6 10. Be2 c6 11. h3 Nfd5 12. Bg5 h6 13. Bh4 Bf5 14. O-O Nf6 15.
Bg3 Nbd5 16. Nxd5 Nxd5 17. Bc4 Nb6 18. Bb3 Be4 19. Ne5 Rc8 20. Bc2 Bxc2 21. Qxc2
Nd7 22. Nd3 Qa5 23. Rfd1 Rfd8 24. b4 Qf5 25. Qa4 a6 26. Nc5 Nxc5 27. Rxc5 Rd5
28. Rdc1 Rcd8 29. Qa5 R8d7 30. Qb6 e5 31. Rxd5 cxd5 32. dxe5 Bxe5 33. Bxe5 Qxe5
34. Qc5 Kg7 35. Rd1 Rc7 36. Qxd5 Qxd5 37. Rxd5 Rc1+ 38. Kh2 Rc2 1/2-1/2

[Event "16th Asian Games Team Women"]
[Site "Guangzhou CHN"]
[Date "2010.11.21"]
[Round "4"]
[White "Meenakshi Subbaraman"]
[Black "Nguyen, Thi Tuong Van"]
[Result "1/2-1/2"]
[WhiteTitle "WGM"]
[BlackTitle "WIM"]
[WhiteElo "2328"]
[BlackElo "2214"]
[WhiteTeam "IND"]
[BlackTeam "VIE"]
[WhiteFideId "5004381"]
[BlackFideId "12400270"]
[EventDate "2010.11.18"]

1. d4 d5 2. c4 e6 3. e3 Nf6 4. Nf3 Be7 5. b3 O-O 6. Bb2 b6 7. Bd3 Bb7 8. Nc3 c5
9. O-O cxd4 10. Nxd4 Nc6 11. Nxc6 Bxc6 12. Qe2 Qb8 13. cxd5 Nxd5 14. Nxd5 Bxd5
15. Qg4 g6 16. Qd4 f6 17. e4 Bc5 18. Qc3 Bb7 19. Bc4 Qe8 20. b4 Bd6 21. Qb3 Kg7
22. Bxe6 Qb5 23. Rfd1 Rad8 24. Bd5 Bxd5 25. Rxd5 Qxb4 26. Qxb4 Bxb4 27. Rad1
Rxd5 28. Rxd5 Rf7 29. g4 Kf8 30. Kg2 Ke7 31. f4 Rf8 32. Kf3 Rc8 33. g5 1/2-1/2

[Event "16th Asian Games Team Women"]
[Site "Guangzhou CHN"]
[Date "2010.11.21"]
[Round "4"]
[White "Sultana, Sharmin Shirin"]
[Black "Zhao, Xue"]
[Result "1-0"]
[BlackTitle "GM"]
[WhiteElo "1998"]
[BlackElo "2474"]
[WhiteTeam "BAN"]
[BlackTeam "CHN"]
[WhiteFideId "10204482"]
[BlackFideId "8601283"]
[EventDate "2010.11.18"]

1. d4 Nf6 2. c4 e6 3. Nc3 Bb4 4. Qc2 c5 5. dxc5 Qc7 6. Nf3 a6 7. e3 Bxc5 8. Bd3
Be7 9. O-O d6 10. b3 Nbd7 11. Bb2 b6 12. Rac1 Bb7 13. Nd2 Rc8 14. Nde4 Ng4 15.
Qe2 h5 16. f4 Nc5 17. Bb1 Nf6 18. Ng5 h4 19. h3 Nh5 20. Qg4 Nf6 21. Qe2 Qc6 22.
Rf2 Rh6 23. e4 Nh5 24. Qg4 Nd7 25. Re1 Ng3 26. Kh2 Bf6 27. Nd5 Bxb2 28. Rxb2 Kf8
29. Ne3 Qc5 30. Qd1 e5 31. f5 Ke7 32. Ng4 Rhh8 33. Rd2 Nh5 34. Bd3 Nhf6 35. Nxf6
Nxf6 36. Nf3 b5 37. Rb2 Qb6 38. Qd2 Bc6 39. Re2 Rb8 40. Qe1 bxc4 41. Bxc4 a5 42.
Nxh4 Qb4 43. Qg3 Bxe4 44. Qxg7 Rh7 45. Ng6+ Ke8 1-0

[Event "16th Asian Games Team Women"]
[Site "Guangzhou CHN"]
[Date "2010.11.21"]
[Round "4"]
[White "Huang, Qian"]
[Black "Khan, Nazrana"]
[Result "1-0"]
[WhiteTitle "WGM"]
[WhiteElo "2402"]
[BlackElo "2003"]
[WhiteTeam "CHN"]
[BlackTeam "BAN"]
[WhiteFideId "8602689"]
[BlackFideId "10201734"]
[EventDate "2010.11.18"]

1. Nf3 Nf6 2. g3 d5 3. Bg2 g6 4. O-O Bg7 5. c4 c6 6. d4 O-O 7. b3 Ne4 8. Bb2 Nd7
9. e3 a5 10. Nc3 Nxc3 11. Bxc3 Nf6 12. Rc1 Bg4 13. h3 Bxf3 14. Bxf3 e6 15. Qc2
Nd7 16. Bb2 f5 17. Ba3 Rf7 18. b4 Bf8 19. c5 axb4 20. Bxb4 b5 21. Ra1 Ra4 22. a3
Nb8 23. Qc3 Rfa7 24. Rfb1 Nd7 25. Bd1 R4a6 26. a4 Qa8 27. Ra3 Bg7 28. Rba1 e5
29. axb5 Rxa3 30. Rxa3 Rxa3 31. Qxa3 Qxa3 32. Bxa3 cxb5 33. c6 Nb6 34. Bc5 Nc8
35. Bb3 Bf8 36. Bxd5+ Kg7 37. Bxf8+ Kxf8 38. Be6 Na7 39. c7 b4 40. c8=Q+ Nxc8
41. Bxc8 b3 42. Be6 b2 43. Ba2 exd4 44. exd4 Ke7 45. Kf1 Kd6 46. Ke2 Kc6 47. Kd2 1-0

[Event "16th Asian Games Team Women"]
[Site "Guangzhou CHN"]
[Date "2010.11.21"]
[Round "4"]
[White "Begum, Masuda"]
[Black "Wang, Yu A."]
[Result "0-1"]
[BlackTitle "IM"]
[WhiteElo "1917"]
[BlackElo "2403"]
[WhiteTeam "BAN"]
[BlackTeam "CHN"]
[WhiteFideId "10200878"]
[BlackFideId "8601097"]
[EventDate "2010.11.18"]

1. d4 Nf6 2. c4 c5 3. d5 e6 4. Nc3 exd5 5. cxd5 d6 6. e4 g6 7. Nf3 Bg7 8. Bb5+
Nbd7 9. O-O O-O 10. Re1 a6 11. Bd3 b5 12. Bg5 h6 13. Bf4 Qc7 14. Rc1 Re8 15. a3
Rb8 16. Qd2 g5 17. Bg3 Nh5 18. Ne2 Ndf6 19. Ned4 Nxg3 20. hxg3 Bd7 21. Bb1 Qb6
22. Nf5 Bxf5 23. exf5 Qb7 24. Rcd1 Rxe1+ 25. Nxe1 b4 26. f4 bxa3 27. fxg5 hxg5
28. bxa3 Qxd5 29. Qxd5 Nxd5 30. Be4 Nc3 31. Rxd6 Nxe4 32. Rxa6 Bd4+ 33. Kh2 Kg7
34. Nf3 Rh8+ 0-1

[Event "16th Asian Games Team Women"]
[Site "Guangzhou CHN"]
[Date "2010.11.21"]
[Round "4"]
[White "Safar, Reem"]
[Black "Sabirova, Olga"]
[Result "0-1"]
[WhiteTitle "WFM"]
[BlackTitle "WIM"]
[WhiteElo "1734"]
[BlackElo "2205"]
[WhiteTeam "QAT"]
[BlackTeam "UZB"]
[WhiteFideId "12100269"]
[BlackFideId "14200201"]
[EventDate "2010.11.18"]

1. d4 Nf6 2. c4 g6 3. Nc3 Bg7 4. e4 d6 5. f3 O-O 6. Bg5 Na6 7. Qd2 e5 8. d5 Qe8
9. Nge2 Nd7 10. Ng3 f5 11. Bh6 Bxh6 12. Qxh6 f4 13. Nge2 Ndc5 14. O-O-O Nb4 15.
Kb1 Bd7 16. Nc1 Na4 17. Nb5 Na6 18. Nb3 Qe7 19. h4 Rf6 20. Qg5 Kg7 21. h5 h6 22.
Qh4 g5 23. Qe1 c6 24. Nc3 Nxc3+ 25. Qxc3 Rff8 26. c5 Nxc5 27. Nxc5 dxc5 28. d6
Qf6 29. Qxc5 Rfd8 30. Rd2 b6 31. Qa3 Be8 32. Be2 Rd7 33. Rhd1 Rad8 34. Rh1 Bf7
35. Qc3 Rxd6 36. Rxd6 Rxd6 37. Bc4 Rd4 38. Bxf7 Kxf7 39. Qb3+ Qe6 40. Qxe6+ Kxe6
41. Kc2 c5 42. a3 Kd6 43. b3 a5 44. Rb1 b5 45. Kc3 Kc6 46. b4 axb4+ 47. axb4
Rxb4 48. Ra1 Ra4 49. Rd1 Rd4 50. Ra1 b4+ 51. Kc2 Kb5 52. Ra8 Kc4 53. Rb8 b3+ 54.
Rxb3 Rd2+ 55. Kxd2 Kxb3 56. Kc1 c4 57. Kb1 c3 58. Kc1 c2 0-1

[Event "16th Asian Games Team Women"]
[Site "Guangzhou CHN"]
[Date "2010.11.21"]
[Round "4"]
[White "Hamrakulova, Yulduz"]
[Black "Al-khelaifi, Aisha"]
[Result "1-0"]
[WhiteTitle "WIM"]
[WhiteElo "2180"]
[BlackElo "1640"]
[WhiteTeam "UZB"]
[BlackTeam "QAT"]
[WhiteFideId "14201151"]
[BlackFideId "12100625"]
[EventDate "2010.11.18"]

1. d4 d5 2. Nf3 Nf6 3. c4 c6 4. e3 a6 5. Bd3 e6 6. Nbd2 Nbd7 7. O-O c5 8. b3 Bd6
9. Bb2 O-O 10. Qe2 Re8 11. e4 dxe4 12. Nxe4 Nxe4 13. Qxe4 Nf6 14. Qh4 cxd4 15.
Nxd4 e5 16. Nf5 Bf8 17. Rad1 Qb6 18. Rfe1 Qa5 19. Qg5 Kh8 20. Nh6 Qc7 21. Rxe5
Rxe5 22. Bxe5 Qe7 23. Bc3 Be6 24. Nf5 Bxf5 25. Qxf5 Re8 26. Bxf6 Qe1+ 27. Rxe1 1-0

[Event "16th Asian Games Team Women"]
[Site "Guangzhou CHN"]
[Date "2010.11.21"]
[Round "4"]
[White "Al-Khelaifi, Kholoud"]
[Black "Nodirjanova, Nodira"]
[Result "0-1"]
[WhiteElo "1493"]
[BlackElo "2149"]
[WhiteTeam "QAT"]
[BlackTeam "UZB"]
[WhiteFideId "12100145"]
[BlackFideId "14201232"]
[EventDate "2010.11.18"]

1. d4 d5 2. e3 c5 3. c3 e6 4. f4 Nf6 5. Nf3 Be7 6. Bd3 O-O 7. O-O b6 8. Nbd2 Ba6
9. c4 dxc4 10. Nxc4 cxd4 11. Nxd4 Qd5 12. Ne5 Bxd3 13. Qxd3 Nbd7 14. Ndc6 Bd6
15. Rd1 Qxd3 16. Rxd3 Bxe5 17. fxe5 Nc5 18. Rd4 Nd5 19. e4 Nc7 20. b4 Na4 21.
Ba3 Nb5 22. Rd3 Rfe8 23. Rf1 Rac8 24. Rd7 Rc7 25. Rxc7 Nxc7 26. Nxa7 Nc3 27. Rf2
Nxe4 28. Rc2 Nd5 29. Nb5 h6 30. Nd6 Ra8 31. Bc1 Nxd6 32. exd6 Kf8 33. d7 Rd8 34.
Rc8 Ke7 35. Bb2 f6 36. b5 Kxd7 37. Rc4 Rc8 38. Rg4 g5 39. a4 Rc2 40. Bd4 Rc4 41.
h3 Rxa4 42. Kf2 f5 0-1

[Event "16th Asian Games Team Women"]
[Site "Guangzhou CHN"]
[Date "2010.11.21"]
[Round "4"]
[White "Geldyeva, Mekhri"]
[Black "Pourkashiyan, Atousa"]
[Result "1-0"]
[WhiteTitle "WGM"]
[BlackTitle "WGM"]
[WhiteElo "2279"]
[BlackElo "2367"]
[WhiteTeam "TKM"]
[BlackTeam "IRI"]
[WhiteFideId "14000059"]
[BlackFideId "12502014"]
[EventDate "2010.11.18"]

1. d4 Nf6 2. Nf3 d5 3. c4 e6 4. e3 dxc4 5. Bxc4 a6 6. O-O c5 7. Qe2 b5 8. Bb3
Bb7 9. Rd1 Nbd7 10. a4 Qb8 11. axb5 axb5 12. Rxa8 Bxa8 13. Nc3 b4 14. Na4 cxd4
15. exd4 Bd6 16. d5 e5 17. Nd4 O-O 18. Nf5 e4 19. Nxd6 Qxd6 20. Be3 Rd8 21. h3
h6 22. Qb5 Rb8 23. Qa5 Rc8 24. Nb6 Nxb6 25. Qxb6 Ne8 26. Qd4 Nf6 27. Qb6 Ne8 28.
Qxd6 Nxd6 29. Rd4 g5 30. Rxb4 Kh7 31. g4 Rd8 32. Bc5 Nb7 33. Be7 Rd7 34. Rxe4
Na5 35. Bc2 Kg8 36. Bf6 Kf8 37. Rb4 Bb7 38. Be4 Ke8 39. b3 Rd6 40. Be5 Ra6 41.
Bc7 Bc8 42. Rb8 Kd7 43. Bxa5 Rxa5 44. Bf5+ Kd6 45. Rxc8 Kxd5 46. Rc7 1-0

[Event "16th Asian Games Team Women"]
[Site "Guangzhou CHN"]
[Date "2010.11.21"]
[Round "4"]
[White "Paridar, Shadi"]
[Black "Hallaeva, Bahar"]
[Result "1-0"]
[WhiteTitle "WGM"]
[BlackTitle "WFM"]
[WhiteElo "2253"]
[BlackElo "2184"]
[WhiteTeam "IRI"]
[BlackTeam "TKM"]
[WhiteFideId "12500666"]
[BlackFideId "14000679"]
[EventDate "2010.11.18"]

1. e4 e5 2. Nf3 Nc6 3. Bb5 a6 4. Ba4 Nf6 5. d4 exd4 6. O-O Be7 7. e5 Ne4 8. Nxd4
Nxd4 9. Qxd4 Nc5 10. Nc3 O-O 11. Nd5 b5 12. Bb3 Nxb3 13. axb3 Bb7 14. Rd1 Bc6
15. Bd2 f6 16. Nxe7+ Qxe7 17. Bb4 Qf7 18. Bxf8 Qg6 19. f3 fxe5 20. Qxe5 Rxf8 21.
Rd2 Rxf3 22. Rf1 Rxf1+ 23. Kxf1 Qf6+ 24. Qxf6 gxf6 25. Kf2 Kf7 26. Ke3 f5 27.
Kf4 Kf6 28. Rd3 Kg6 29. b4 Kf6 30. Rc3 h6 31. g3 Kg6 32. Rc5 1-0

[Event "16th Asian Games Team Women"]
[Site "Guangzhou CHN"]
[Date "2010.11.21"]
[Round "4"]
[White "Ovezova, Maisa"]
[Black "Hejazipour, Mitra"]
[Result "1/2-1/2"]
[WhiteTitle "WFM"]
[BlackTitle "WFM"]
[WhiteElo "2087"]
[BlackElo "2268"]
[WhiteTeam "TKM"]
[BlackTeam "IRI"]
[WhiteFideId "14000393"]
[BlackFideId "12505951"]
[EventDate "2010.11.18"]

1. d4 Nf6 2. Nf3 d5 3. c4 e6 4. e3 Nbd7 5. Nc3 Be7 6. Bd3 O-O 7. O-O c5 8. b3 b6
9. cxd5 exd5 10. Bb2 Bb7 11. Rc1 Ne4 12. Nd2 f5 13. Ne2 Qe8 14. Nf4 Bf6 15. Nxe4
fxe4 16. Be2 Qf7 17. Nh5 Rac8 18. Nxf6+ Nxf6 19. Ba3 Nd7 20. Bb5 Bc6 21. Ba6
Rce8 22. Qe2 Re6 23. b4 cxb4 24. Bxb4 Rfe8 25. Bb5 Nb8 26. a4 Rg6 27. f3 Bxb5
28. axb5 exf3 29. Rxf3 Rf6 30. Rxf6 Qxf6 31. Qf3 Qe6 32. Ra1 Qd7 33. Qe2 h6 34.
Qd3 Qb7 35. Qg6 Rc8 36. Qe6+ Kh8 37. Rf1 Qd7 38. Qxd7 Nxd7 39. Rf7 Nf6 40. Rxa7
Rc1+ 41. Kf2 Rb1 42. Bf8 Ne4+ 43. Ke2 Rb2+ 44. Ke1 Rxg2 45. Rb7 Rg1+ 46. Ke2
Rg2+ 47. Ke1 Rg1+ 1/2-1/2

[Event "16th Asian Games Team Women"]
[Site "Guangzhou CHN"]
[Date "2010.11.21"]
[Round "4"]
[White "Al-Jelda, Fatma"]
[Black "You, Garam"]
[Result "1-0"]
[WhiteElo "1836"]
[BlackElo "1425"]
[WhiteTeam "SYR"]
[BlackTeam "KOR"]
[WhiteFideId "7600291"]
[BlackFideId "13200208"]
[EventDate "2010.11.18"]

1. e4 e5 2. Nf3 Nc6 3. Bb5 a6 4. Ba4 Nf6 5. O-O b5 6. Bb3 Be7 7. Qe2 O-O 8. c3
Na5 9. Nxe5 Nxb3 10. axb3 Bb7 11. d3 Re8 12. Be3 d6 13. Ng4 Nd7 14. f3 c5 15.
Nd2 Nb6 16. Bf2 d5 17. Rfd1 dxe4 18. dxe4 Bd6 19. Nf1 f5 20. Qd2 Bf8 21. exf5
Qxd2 22. Rxd2 Nd5 23. Rad1 Nf4 24. Be3 Nh5 25. Bf2 Nf4 26. Bg3 Ne2+ 27. Kf2 Nxg3
28. Nxg3 Rac8 29. f6 1-0